000 00462nam a2200193Ia 4500
005 20240823051350.0
008 240823s9999||||xx |||||||||||||| ||und||
020 _a81-240-0424-2
041 _aMALAYALAM
082 _A920 Q1
100 _aGeethalayam Geethakrishnan
245 0 _aViswaprasidha Pranayakadhakal
250 _a1st
260 _c2011
_b"D C Books,Kot"
500 _aYES
650 _aBiographical
_bGeneral
942 _cBK
999 _c219423
_d219423